000 00298nam a22001337a 4500
008 181217b xxu||||| |||| 00| 0 eng d
020 _a007046871
041 _aeng
080 _a510
100 _a36
101 _aMAT
245 _aOrdinary Differential Equations
_cMartin,R.N
942 _2udc
_cBK
999 _c53269
_d53269